000 00311nam a22001337a 4500
008 170403b xxu||||| |||| 00| 0 eng d
020 _a9790321014602
041 _aeng
080 _26TH
_a574
100 _a9
101 _aSHM
245 _aWATER SUPPLY AND POLLUTION CONTROL
_cVIESSMAN, W
942 _2udc
_cBK
999 _c9506
_d9506